00380nam a2200121 a 450000100100000000500170001000800410002704000250006810000260009324500590011926000600017830000200023800003310020200930070028.0110817s1922 dr 000 0 spa d aDO-SdBNPbspacBNPHU1 aEchavarría, Colón10aCanto a la raza y otros poemas /cColón Echavaría. aSanto Domingo :bImp. La Cuna de las Américas,c1922. a88 p. ;c22 cm.